000
002350000a22000970004500
100
1
_a
Meneses, Bárbara
245
1
0
_a
Kuwait, tres años después
300
_a
Vol. 10, Núm 10 (1993), Páginas 44-46
773
0
_t
Cambio 16
942
_c
ANA
999
_c
58514
_d
58514